000 00469nam a2200193Ia 4500
003 OSt
005 20250926114118.0
008 250729s2005 xx 000 0 und d
020 _a978-8171697403
040 _cAL
041 _aeng
082 _a375 VASE
100 _aVarshist R P
_9222760
245 _aElementary school curriculum
260 _aNew Delhi
_bCommonwealth Publishers
_c2005
300 _a370p
650 _aEducation
_9222761
942 _2ddc
_cBED
999 _c235598
_d235598